Krištof Kolumbus

Bibliographic Details
Format: Video DVD
Language:Slovak
PhysicalDescription:1 videodisk (DVD)
Published: [Bratislava Ringier 2009]
Series:Nový Čas pre deti
Subjects:
DVD

MARC

LEADER 00000ngm a2200000 a 4500
001 vtls010264477
003 SK-MaSNL
005 20260301213356.0
007 vd uvuizu
008 110317s2009 xo 000 vlslo
040 |a SNK  |b slo  |c SNK  |e AACR2 
041 0 |a slo 
044 |a xo  |c SK 
245 0 0 |a Krištof Kolumbus  |h videozáznam 
260 |a [Bratislava  |b Ringier  |c 2009] 
300 |a 1 videodisk (DVD) 
490 1 |a Nový Čas pre deti 
655 7 |a DVD  |2 SNKPH  |9 70751 
999 |c 921414  |d 923344 
952 |a SNK  |b SNK  |y PREZ  |7 0  |p 17A0691201  |o snkSDVD 1134  |i snk2011/6052  |8 0  |0 0  |1 0  |4 0  |d 2011-03-17  |l 0  |r 2026-02-24 08:15:57  |w 2026-02-24